000 00444nam a2200169Ia 4500
999 _c12410
_d12410
003 OSt
005 20201022114557.0
008 190216s9999||||xx |||||||||||||| ||und||
040 _coclc
082 _a915
_bJOH/M
100 _aJohnson, A
_96052
245 0 _aMarco Polo /
_cA Johnson
260 _bLongmans,
_c1969.
_aMadras:
300 _a139p
650 _aEnglish General
942 _cBK
_2ddc
_h915
_iJOH/M
_k915
_mJOH/M